|
|
|
|
| LEADER |
00000nab#a22000007a#4500 |
| 001 |
arbauad004379 |
| 003 |
AR-BaUAD |
| 005 |
20250711110632.0 |
| 008 |
940614|||||||||###||||||b###|0###a|spa|| |
| 040 |
|
|
|a AR-BaUAD
|c AR-BaUAD
|b spa
|
| 245 |
1 |
0 |
|a Nuevo Museo de la Acrópolis de Atenas
|
| 300 |
0 |
|
|b axonom., cortes., fot., il., plantas, vistas
|
| 653 |
|
|
|a MUSEOS
|
| 653 |
|
|
|a MUSEO DE LA ACROPOLIS
|
| 653 |
|
|
|a ATENAS
|
| 653 |
|
|
|a GRECIA
|
| 773 |
0 |
|
|t Revista SCA
|g no. 153 [jul.-ago. 1991], p. 38-66
|
| 942 |
|
|
|c ARTI
|
| 952 |
|
|
|0 0
|1 0
|4 0
|7 0
|9 49299
|a AR-BAuAD
|b AR-BAuAD
|d 2025-07-11
|l 0
|p AAQA004379
|r 2025-07-11 11:06:32
|w 2025-07-11
|y ARTI
|
| 990 |
|
|
|a AQ199
|b TD
|
| 998 |
|
|
|a AAQ
|b BIBUN76
|
| 999 |
|
|
|c 28972
|d 28972
|